[Event "British Championship"]
[Site "?"]
[Date "2009.08.06"]
[Round "10.24"]
[White "James, William EG"]
[Black "Sowray, Peter J"]
[Result "1/2-1/2"]
[WhiteElo "2052"]
[BlackElo "2335"]
[PlyCount "218"]
[EventDate "2009.??.??"]

1. e4 e5 2. Nf3 Nc6 3. Bb5 a6 4. Bxc6 dxc6 5. O-O f6 6. d4 Bg4 7. c3 Bd6 8. Be3
Ne7 9. dxe5 fxe5 10. c4 Ng6 11. h3 Bxf3 12. Qxf3 Qe7 13. Nc3 Qf7 14. Qxf7+ Kxf7
15. g3 Rad8 16. Rad1 Bb4 17. Ne2 Be7 18. Kg2 Rd6 19. f4 exf4 20. Bxf4 Nxf4+ 21.
gxf4 Rhd8 22. Nc3 Rd2+ 23. Rxd2 Rxd2+ 24. Rf2 Rd4 25. b3 Bb4 26. Rc2 Bxc3 27.
Rxc3 Rxe4 28. Kf3 Re1 29. Rd3 Ke7 30. Rd2 g6 31. Kg4 Rg1+ 32. Kf3 a5 33. Re2+
Kf7 34. Rd2 Rf1+ 35. Kg4 Kf6 36. Rd7 h5+ 37. Kg3 Ra1 38. Rxc7 Rxa2 39. Rxb7 Rb2
40. Rb6 Kf5 41. c5 Rc2 42. Rxc6 Rc3+ 43. Kg2 Rxb3 44. Ra6 Rb5 45. c6 Rc5 46. c7
Kxf4 47. Rxa5 Rc2+ 48. Kg1 Rxc7 49. h4 Rc3 50. Kh2 Kf3 51. Rg5 Rc2+ 52. Kh3 Rc6
53. Rg3+ Kf2 54. Rg2+ Kf3 55. Rg3+ Kf4 56. Ra3 Re6 57. Ra5 Re3+ 58. Kh2 Re2+
59. Kh3 Re3+ 60. Kh2 Re5 61. Ra4+ Re4 62. Ra6 Kf3 63. Kh3 Rg4 64. Ra3+ Ke2 65.
Ra2+ Ke3 66. Ra3+ Kd2 67. Ra2+ Kc3 68. Ra3+ Kd2 69. Ra2+ Kd3 70. Ra3+ Kc2 71.
Ra2+ Kb3 72. Ra8 Kb4 73. Rf8 Kc5 74. Rc8+ Kd5 75. Rc3 Rf4 76. Ra3 Re4 77. Ra5+
Ke6 78. Rg5 Kf6 79. Rg1 Re3+ 80. Kh2 Rf3 81. Rg5 Ra3 82. Kg2 Ra1 83. Kh2 Rf1
84. Kg2 Rf4 85. Kh3 Rf2 86. Ra5 Re2 87. Ra6+ Kf5 88. Ra5+ Re5 89. Ra3 Kf4 90.
Ra4+ Re4 91. Ra6 Re3+ 92. Kh2 Kf5 93. Ra4 Re4 94. Ra5+ Re5 95. Ra4 Re4 96. Ra5+
Kf4 97. Rg5 Re6 98. Kh3 Re3+ 99. Kh2 Re2+ 100. Kh3 Re6 101. Kh2 Rf6 102. Kh3
Re6 103. Kh2 Rf6 104. Kh3 Kf3 105. Rg1 Kf2 106. Rg2+ Kf1 107. Rg5 Rf3+ 108. Kh2
Rf6 109. Kh3 Rf3+ 1/2-1/2

[Event "British Championship"]
[Site "?"]
[Date "2009.08.06"]
[Round "10.25"]
[White "Lewis, Andrew P"]
[Black "Sen, Subin"]
[Result "1-0"]
[WhiteElo "2281"]
[BlackElo "2093"]
[PlyCount "133"]
[EventDate "2009.??.??"]

1. Nf3 Nf6 2. c4 g6 3. Nc3 d5 4. cxd5 Nxd5 5. Qa4+ Bd7 6. Qh4 Nxc3 7. dxc3 c5
8. e4 Nc6 9. Be3 e5 10. Qg3 Qe7 11. Bc4 h6 12. O-O-O Bg7 13. Rd5 b6 14. Rhd1
O-O-O 15. Bb5 Kc7 16. h4 Rhe8 17. h5 g5 18. R5d2 f5 19. exf5 Bxf5 20. Nxg5 Rxd2
21. Rxd2 Qf6 22. Nf3 Qf7 23. Nh4 Be4 24. Bd3 Bxd3 25. Rxd3 Bf6 26. Qg6 Qc4 27.
b3 Qe6 28. Nf5 Rg8 29. Qh7+ Ne7 30. Nxe7 Bxe7 31. Qe4 Rg4 32. Qa8 Bd6 33. Qxa7+
Kc6 34. Qa8+ Kd7 35. g3 c4 36. Qa7+ Kc8 37. Qa6+ Kd7 38. Qb7+ Ke8 39. Qc6+ Ke7
40. bxc4 Rxc4 41. Qb7+ Ke8 42. Qa8+ Rc8 43. Qa4+ Kf7 44. Qb3 Qxb3 45. axb3 Rc6
46. Kb2 Bc5 47. Bxc5 bxc5 48. Re3 Kf6 49. f3 Re6 50. Re4 Kg5 51. Rxe5+ Rxe5 52.
f4+ Kxh5 53. fxe5 Kg5 54. b4 cxb4 55. cxb4 Kf5 56. Kc3 Kxe5 57. Kc4 Kd6 58. g4
Kc6 59. b5+ Kb6 60. Kb4 Kb7 61. Kc5 Kc7 62. b6+ Kb7 63. Kb5 Kb8 64. Kc6 Kc8 65.
b7+ Kb8 66. Kb6 h5 67. g5 1-0

[Event "British Championship"]
[Site "?"]
[Date "2009.08.06"]
[Round "10.26"]
[White "Bonafont, Philip"]
[Black "Burrows, Martin"]
[Result "1/2-1/2"]
[WhiteElo "2124"]
[BlackElo "2209"]
[PlyCount "50"]
[EventDate "2009.??.??"]

1. d4 Nf6 2. Nf3 e6 3. c4 b6 4. g3 Ba6 5. Qa4 c5 6. Bg2 Bb7 7. dxc5 Bxc5 8. Nc3
O-O 9. O-O a6 10. Bf4 Be7 11. Rfd1 d6 12. Rd2 Qc7 13. Rad1 Rd8 14. e4 Nbd7 15.
Bxd6 Bxd6 16. Rxd6 Nc5 17. Rxd8+ Rxd8 18. Rxd8+ Qxd8 19. Qc2 Nfxe4 20. Qd1
Qxd1+ 21. Nxd1 a5 22. Nd4 Kf8 23. b3 Ke7 24. f3 Nd6 25. Nc3 Kd7 1/2-1/2

[Event "British Championship"]
[Site "?"]
[Date "2009.08.06"]
[Round "10.27"]
[White "Warman, Simon M"]
[Black "Reynolds, D Ian W"]
[Result "1-0"]
[WhiteElo "2156"]
[BlackElo "2092"]
[PlyCount "107"]
[EventDate "2009.??.??"]

1. e4 e5 2. Nf3 Nc6 3. Bb5 a6 4. Ba4 Nf6 5. O-O Be7 6. Nc3 b5 7. Bb3 d6 8. Nd5
Na5 9. d4 Nxb3 10. axb3 c6 11. dxe5 dxe5 12. Nxf6+ gxf6 13. Qe2 Bg4 14. Rd1 Qc8
15. Be3 Qb7 16. h3 Be6 17. Nh4 Rd8 18. Qf3 Qc8 19. Bb6 Rxd1+ 20. Rxd1 O-O 21.
Nf5 Bxf5 22. exf5 c5 23. Rd3 c4 24. Rc3 Bb4 25. Qg4+ Kh8 26. Rg3 Rg8 27. Qxg8+
Qxg8 28. Rxg8+ Kxg8 29. bxc4 bxc4 30. Bd8 Kg7 31. f3 Be1 32. Kf1 Bh4 33. Ke2
Kf8 34. g3 Bxg3 35. Bxf6 Ke8 36. Kd2 Kd7 37. Kc3 Kc6 38. Kxc4 h5 39. Kd3 Kd5
40. c4+ Kd6 41. Ke4 Bf4 42. b3 a5 43. Bd8 Bd2 44. f6 Bc3 45. Be7+ Kc6 46. Kf5
h4 47. Ke4 Bb2 48. Bf8 Bc3 49. Ba3 Ba1 50. Bc1 Bc3 51. Be3 Ba1 52. Bf2 Bb2 53.
Bxh4 Kc5 54. Be1 1-0

[Event "British Championship"]
[Site "?"]
[Date "2009.08.06"]
[Round "10.28"]
[White "Yeo, Michael J"]
[Black "Surtees, Michael"]
[Result "1-0"]
[WhiteElo "2136"]
[BlackElo "2149"]
[PlyCount "81"]
[EventDate "2009.??.??"]

1. d4 c6 2. Nf3 f6 3. c4 e5 4. Nc3 Bb4 5. dxe5 fxe5 6. Qb3 Bxc3+ 7. Qxc3 d6 8.
c5 dxc5 9. Qxe5+ Qe7 10. Qxe7+ Kxe7 11. e4 Nf6 12. Bd3 h6 13. Be3 b6 14. O-O
Ba6 15. Rfd1 Rd8 16. Bc2 Rxd1+ 17. Rxd1 Be2 18. Rd2 Bxf3 19. gxf3 Nh5 20. e5 g5
21. Rd6 Nf4 22. Rxh6 Na6 23. Bb3 Rf8 24. Rh7+ Kd8 25. Rxa7 Nc7 26. Rb7 Kd7 27.
Rxb6 Nfd5 28. Bxd5 Nxd5 29. Rb7+ Ke6 30. Bxg5 Rxf3 31. Rb3 Rxb3 32. axb3 Kxe5
33. Be3 Kd6 34. h4 Nf6 35. Kg2 Kd5 36. Kf3 Ke5 37. Bxc5 Kf5 38. Be7 Ne4 39. Ke3
Ke5 40. h5 Kf5 41. h6 1-0

[Event "British Championship"]
[Site "?"]
[Date "2009.08.06"]
[Round "10.29"]
[White "McClement, Andrew"]
[Black "Anderson, John"]
[Result "0-1"]
[WhiteElo "1893"]
[BlackElo "2248"]
[PlyCount "100"]
[EventDate "2009.??.??"]

1. Nf3 d5 2. c4 c6 3. g3 Nf6 4. b3 Bf5 5. Bb2 e6 6. Bg2 h6 7. O-O Nbd7 8. d3 a5
9. Nbd2 a4 10. Qc2 Qa5 11. e4 dxe4 12. dxe4 Bh7 13. Bc3 Bb4 14. Bxb4 Qxb4 15.
a3 Qb6 16. b4 O-O 17. c5 Qc7 18. Nd4 Rfd8 19. Nc4 Nxc5 20. bxc5 Rxd4 21. f3 Nd7
22. Rab1 Rd8 23. Nb6 Nxb6 24. Rxb6 R8d7 25. Rfb1 Qd8 26. Bf1 Qe7 27. Qc3 e5 28.
Qa5 Bg6 29. Rxb7 Rxb7 30. Qa8+ Rd8 31. Qxb7 Qxc5+ 32. Kh1 Qxa3 33. Bg2 Qd3 34.
Rc1 a3 35. Qxc6 a2 36. Qa4 Qb1 37. Rf1 Rb8 38. h4 f6 39. Kh2 Bf7 40. Kh3 Kh7
41. h5 Qxf1 42. Bxf1 Rb1 43. Qd7 Bg8 44. Bd3 Rh1+ 45. Kg4 a1=Q 46. Qf5+ Kh8 47.
Qc8 Qc1 48. Qf5 Be6 49. f4 Qd1+ 50. Be2 Qxe2# 0-1

[Event "British Championship"]
[Site "?"]
[Date "2009.08.06"]
[Round "10.30"]
[White "Adair, James"]
[Black "McPhillips, Karl"]
[Result "1/2-1/2"]
[WhiteElo "2124"]
[BlackElo "2231"]
[PlyCount "77"]
[EventDate "2009.??.??"]

1. e4 c5 2. Nf3 Nc6 3. d4 cxd4 4. Nxd4 g6 5. c4 Bg7 6. Be3 Nf6 7. Nc3 Ng4 8.
Qxg4 Nxd4 9. Qd1 Ne6 10. Rc1 Qa5 11. Be2 b6 12. Qd5 Qxd5 13. cxd5 Nd4 14. Bc4
Bb7 15. Kd2 Rc8 16. Kd3 e5 17. Bxd4 exd4 18. Nb5 O-O 19. Nxa7 Ra8 20. Nb5 f5
21. exf5 Ba6 22. fxg6 Rxf2 23. gxh7+ Kxh7 24. Rc2 Rxc2 25. Kxc2 Rc8 26. Kd3 Rc5
27. a4 Bxb5 28. axb5 d6 29. Rf1 Rc7 30. g4 Re7 31. h4 Re3+ 32. Kc2 Rh3 33. h5
Rh2+ 34. Kb1 Rg2 35. Bd3+ Kh6 36. Bf5 Kg5 37. Re1 d3 38. Rd1 Rxb2+ 39. Kc1
1/2-1/2

[Event "British Championship"]
[Site "?"]
[Date "2009.08.06"]
[Round "10.31"]
[White "Galliano, Alex"]
[Black "Green, Andrew"]
[Result "0-1"]
[WhiteElo "2050"]
[BlackElo "2203"]
[PlyCount "50"]
[EventDate "2009.??.??"]

1. e4 c5 2. c3 g6 3. d4 cxd4 4. cxd4 d5 5. exd5 Nf6 6. Bb5+ Nbd7 7. Nc3 a6 8.
Bd3 Nb6 9. Nf3 Nbxd5 10. Ne5 Bg7 11. Qa4+ Kf8 12. O-O Be6 13. Ne4 Nxe4 14. Bxe4
Qd6 15. Bxd5 Qxd5 16. Be3 b5 17. Qa5 Bxe5 18. dxe5 Qxe5 19. Rfd1 f6 20. Bd4 Qf5
21. Rac1 Kf7 22. Rc5 Qe4 23. f3 Qe2 24. Rcc1 Rhc8 25. b3 Rc2 0-1

[Event "British Championship"]
[Site "?"]
[Date "2009.08.06"]
[Round "10.33"]
[White "De Coverly, Roger"]
[Black "Jones, Victor GL"]
[Result "1/2-1/2"]
[WhiteElo "2127"]
[BlackElo "2076"]
[PlyCount "131"]
[EventDate "2009.??.??"]

1. Nf3 Nf6 2. g3 g6 3. Bg2 d6 4. d4 Bg7 5. O-O O-O 6. c4 Nc6 7. Nc3 Bf5 8. b3
e5 9. d5 Ne7 10. Bb2 Qd7 11. Re1 h6 12. Rc1 Bh3 13. c5 e4 14. cxd6 cxd6 15. Nd4
Bxg2 16. Kxg2 e3 17. fxe3 Nexd5 18. Nxd5 Nxd5 19. Qd3 Qg4 20. Rc4 Rfe8 21. Nc2
Qg5 22. Bxg7 Kxg7 23. Qd4+ Re5 24. e4 Nf6 25. Qc3 Rae8 26. Rf1 d5 27. Rc7 Rxe4
28. e3 d4 29. exd4 Re2+ 30. Kg1 Qh5 31. h4 Qg4 32. d5 R8e5 33. Qf3 Qxf3 34.
Rxf3 Rxd5 35. Ne3 Rb5 36. Ng4 Rb6 37. a4 Ree6 38. Nxf6 Rxf6 39. Rd3 Rb4 40. Kg2
g5 41. hxg5 hxg5 42. Rdd7 Rxb3 43. Rxb7 Rxb7 44. Rxb7 Ra6 45. Rb4 f5 46. Kf3
Kf6 47. Ke3 Rd6 48. Rb7 a6 49. Rc7 Ke5 50. Rc5+ Rd5 51. Rc6 Ra5 52. Rc4 g4 53.
Rb4 Rc5 54. Rb6 a5 55. Rb8 Rc3+ 56. Kf2 Kd4 57. Rb5 Rc5 58. Rb8 Re5 59. Rb7 Kd3
60. Rb5 Rxb5 61. axb5 a4 62. b6 a3 63. b7 a2 64. b8=Q a1=Q 65. Qb5+ Ke4 66.
Qc6+ 1/2-1/2

[Event "British Championship"]
[Site "?"]
[Date "2009.08.06"]
[Round "10.34"]
[White "Littlewood, John Eric"]
[Black "Rocks, Daniel"]
[Result "1/2-1/2"]
[WhiteElo "2188"]
[BlackElo "2037"]
[PlyCount "57"]
[EventDate "2009.??.??"]

1. e4 e5 2. Nc3 Nc6 3. g3 Nf6 4. d3 Bb4 5. Bg2 O-O 6. Nf3 d6 7. O-O h6 8. a3
Ba5 9. b4 Bb6 10. Na4 Bg4 11. h3 Be6 12. Nxb6 axb6 13. Bb2 Qd7 14. Kh2 Nh7 15.
d4 exd4 16. Nxd4 Nxd4 17. Qxd4 f6 18. Rad1 Ng5 19. f4 Nh7 20. Rfe1 Rad8 21. f5
Bf7 22. e5 fxe5 23. Rxe5 Nf6 24. Ree1 Qxf5 25. c4 Rfe8 26. Rf1 Qg6 27. Rde1
Rxe1 28. Rxe1 Re8 29. Rxe8+ 1/2-1/2

[Event "British Championship"]
[Site "?"]
[Date "2009.08.06"]
[Round "10.35"]
[White "Gill, Neville"]
[Black "Smith, Graham M"]
[Result "1/2-1/2"]
[WhiteElo "2111"]
[BlackElo "2119"]
[PlyCount "55"]
[EventDate "2009.??.??"]

1. Nf3 b6 2. e4 Bb7 3. d3 g6 4. Be2 Bg7 5. O-O d6 6. c4 c5 7. Nc3 Nc6 8. Bg5 h6
9. Bh4 a6 10. Qd2 g5 11. Bg3 e6 12. Ne1 h5 13. f4 g4 14. Nc2 h4 15. Bf2 g3 16.
hxg3 hxg3 17. Bxg3 Nd4 18. Ne3 Ne7 19. Kf2 Qc7 20. Rh1 O-O-O 21. Raf1 Rdf8 22.
Ke1 b5 23. Bd1 Nec6 24. f5 b4 25. Ne2 Qd8 26. Nxd4 Bxd4 27. Ng4 e5 28. f6
1/2-1/2

[Event "British Championship"]
[Site "?"]
[Date "2009.08.06"]
[Round "10.36"]
[White "Garnett, John S"]
[Black "Hegarty, Sarah"]
[Result "0-1"]
[WhiteElo "2059"]
[BlackElo "2098"]
[PlyCount "106"]
[EventDate "2009.??.??"]

1. d4 Nf6 2. Bg5 Ne4 3. Bf4 c5 4. f3 Qa5+ 5. c3 Nf6 6. d5 Qb6 7. b3 g6 8. e4
Bg7 9. Bd3 O-O 10. Ne2 d6 11. Na3 Nh5 12. Bd2 a6 13. Nc4 Qd8 14. a4 Nd7 15. Qc1
Rb8 16. Bg5 b5 17. axb5 axb5 18. Na5 Ne5 19. Bc2 Ra8 20. b4 cxb4 21. cxb4 Nc4
22. Rb1 Nxa5 23. bxa5 Qxa5+ 24. Bd2 Qa6 25. Bd3 Bd7 26. O-O Rfc8 27. Qd1 Qb6+
28. Kh1 Ra3 29. Rb3 Ra1 30. Rb1 Rca8 31. Bc3 Rxb1 32. Qxb1 Bxc3 33. Nxc3 b4 34.
Ne2 Nf6 35. Qb2 Ne8 36. Rb1 Qe3 37. Bc4 Rb8 38. Nd4 Nc7 39. Nc2 Qc5 40. Be2 b3
41. Nd4 Ba4 42. Bd1 Nb5 43. Nxb3 Qc3 44. Qf2 Bxb3 45. Rxb3 Qc1 46. Qf1 Ra8 47.
Rxb5 Ra1 48. h4 Qd2 49. Qc4 Rxd1+ 50. Kh2 Qf4+ 51. g3 Qd2+ 52. Kh3 Rh1+ 53. Kg4
h5# 0-1

[Event "British Championship"]
[Site "?"]
[Date "2009.08.06"]
[Round "10.37"]
[White "Tunks, Dominic"]
[Black "McDonnell, James J"]
[Result "0-1"]
[WhiteElo "2083"]
[BlackElo "2023"]
[PlyCount "52"]
[EventDate "2009.??.??"]

1. e4 c5 2. d3 d6 3. Nf3 Nc6 4. Be2 g6 5. c3 Bg7 6. Be3 e5 7. a4 Nge7 8. Na3
O-O 9. O-O h6 10. b4 cxb4 11. cxb4 Nxb4 12. Qd2 Na6 13. Bxh6 Nc5 14. Rfb1 Nc6
15. Nc4 Rb8 16. h3 Ne6 17. Bf1 Re8 18. Bxg7 Kxg7 19. Qc3 Qe7 20. a5 Ncd4 21.
Nxd4 Nxd4 22. Rb2 Qg5 23. Nxd6 Nf3+ 24. Kh1 Bxh3 25. Nxe8+ Rxe8 26. g3 Qh5 0-1

[Event "British Championship"]
[Site "?"]
[Date "2009.08.06"]
[Round "10.38"]
[White "Taylor, Geoffrey P"]
[Black "Dines, Sheila"]
[Result "1/2-1/2"]
[WhiteElo "2003"]
[BlackElo "1936"]
[PlyCount "50"]
[EventDate "2009.??.??"]

1. e4 e5 2. Bc4 Bc5 3. Nf3 d6 4. c3 Nf6 5. d3 h6 6. O-O O-O 7. Nbd2 Nc6 8. h3
Kh8 9. b4 Bb6 10. Bb3 a6 11. Nc4 Ba7 12. Ne3 Nh7 13. Bc2 Bxe3 14. fxe3 Ng5 15.
Kh2 Bd7 16. d4 Qe7 17. Qe2 Rae8 18. Bd2 exd4 19. Nxg5 dxc3 20. Nxf7+ Rxf7 21.
Rxf7 Qxf7 22. Bxc3 Rf8 23. Kg1 Qe7 24. Rf1 Rxf1+ 25. Qxf1 Ne5 1/2-1/2

[Event "British Championship"]
[Site "?"]
[Date "2009.08.07"]
[Round "11.1"]
[White "Howell, David"]
[Black "Lane, Gary William"]
[Result "1/2-1/2"]
[WhiteElo "2614"]
[BlackElo "2379"]
[PlyCount "37"]
[EventDate "2009.??.??"]

1. e4 e5 2. Nf3 Nc6 3. Bb5 a6 4. Bxc6 dxc6 5. O-O Bg4 6. h3 h5 7. d3 Qf6 8. Be3
Bxf3 9. Qxf3 Qxf3 10. gxf3 Bd6 11. Nd2 Ne7 12. Rfb1 c5 13. Kf1 f6 14. a3 Nc6
15. Nc4 Kd7 16. c3 a5 17. a4 Ke6 18. Ke2 g5 19. Rg1 1/2-1/2

[Event "British Championship"]
[Site "?"]
[Date "2009.08.07"]
[Round "11.2"]
[White "Jones, Gawain C"]
[Black "Hebden, Mark"]
[Result "0-1"]
[WhiteElo "2554"]
[BlackElo "2468"]
[PlyCount "154"]
[EventDate "2009.??.??"]

1. e4 e5 2. Nf3 Nc6 3. d4 exd4 4. Nxd4 Nf6 5. Nxc6 bxc6 6. e5 Qe7 7. Qe2 Nd5 8.
g3 f6 9. c4 Ba6 10. b3 fxe5 11. Bb2 Nf6 12. Bh3 O-O-O 13. O-O Kb8 14. Nd2 Qe8
15. Qxe5 Qxe5 16. Bxe5 Bb4 17. Nf3 Rhe8 18. Rfd1 Bc8 19. a3 Bf8 20. Bf4 Ne4 21.
Re1 Bc5 22. Ra2 d5 23. Bg2 Nc3 24. Rc2 Rxe1+ 25. Nxe1 Re8 26. Kf1 Nb1 27. Rc1
Nxa3 28. Nd3 Bd6 29. Bxd6 cxd6 30. Nb4 Bb7 31. cxd5 c5 32. Nc6+ Bxc6 33. dxc6
Nb5 34. Rc4 Kc7 35. b4 Kb6 36. bxc5+ dxc5 37. Rf4 Re7 38. Rf8 c4 39. Rb8+ Kc5
40. Rb7 Nc7 41. Rxa7 c3 42. Ra2 Nb5 43. Re2 Ra7 44. Be4 g6 45. Re3 Kd4 46. Ke2
Ra2+ 47. Kf3 c2 48. Re1 Ra3+ 49. Kf4 Rc3 50. Bxc2 Rxc2 51. Re7 Rxf2+ 52. Kg5
Rf5+ 53. Kh6 Rh5+ 54. Kg7 Rxh2 55. c7 Nxc7 56. Rxc7 Ke4 57. Rc4+ Kf5 58. Ra4
Kg5 59. Rb4 Rh3 60. Ra4 Rxg3 61. Kxh7 Kh5 62. Ra1 Rh3 63. Kg7 g5 64. Kf6 Rf3+
65. Ke5 g4 66. Rh1+ Kg5 67. Ke4 Rf8 68. Ke3 g3 69. Rh7 Kg4 70. Rg7+ Kh3 71.
Rh7+ Kg2 72. Rg7 Re8+ 73. Kd2 Kf2 74. Rf7+ Kg1 75. Rg7 g2 76. Rh7 Re5 77. Rf7
Rh5 0-1

[Event "British Championship"]
[Site "?"]
[Date "2009.08.07"]
[Round "11.3"]
[White "Williams, Simon Kim"]
[Black "Gordon, Stephen"]
[Result "1-0"]
[WhiteElo "2527"]
[BlackElo "2537"]
[PlyCount "61"]
[EventDate "2009.??.??"]

1. d4 Nf6 2. c4 g6 3. Nc3 d5 4. cxd5 Nxd5 5. e4 Nxc3 6. bxc3 Bg7 7. Nf3 c5 8.
Rb1 O-O 9. Be2 b6 10. O-O Qc7 11. Qd2 e6 12. Rd1 Rd8 13. Qg5 Ba6 14. Bf4 Qc8
15. Bxa6 Nxa6 16. Be5 Rd7 17. Bxg7 Kxg7 18. Qe5+ Kg8 19. Qf4 Qf8 20. Ne5 Re7
21. d5 exd5 22. exd5 Rae8 23. d6 Re6 24. Ng4 Qg7 25. d7 Rd8 26. Re1 Kh8 27.
Rxe6 fxe6 28. Rd1 h5 29. Ne5 g5 30. Nf7+ Kg8 31. Nxd8 1-0

[Event "British Championship"]
[Site "?"]
[Date "2009.08.07"]
[Round "11.4"]
[White "Palliser, Richard"]
[Black "Wells, Peter K"]
[Result "1-0"]
[WhiteElo "2413"]
[BlackElo "2498"]
[PlyCount "51"]
[EventDate "2009.??.??"]

1. d4 Nf6 2. c4 e6 3. Nf3 d5 4. Nc3 dxc4 5. e4 Bb4 6. Bg5 c5 7. Bxc4 cxd4 8.
Nxd4 Bxc3+ 9. bxc3 Qa5 10. Bb5+ Nbd7 11. Bxf6 Qxc3+ 12. Kf1 gxf6 13. Nf5 Qe5
14. Nd6+ Kf8 15. g3 Nc5 16. f4 Qc3 17. e5 fxe5 18. Qh5 Qxa1+ 19. Kg2 Qb2+ 20.
Kh3 Ke7 21. Rd1 Bd7 22. Qg5+ f6 23. Qg7+ Kd8 24. Qxh8+ Kc7 25. Qxa8 exf4 26.
Bxd7 1-0

[Event "British Championship"]
[Site "?"]
[Date "2009.08.07"]
[Round "11.6"]
[White "Rendle, Thomas"]
[Black "Gormally, Daniel"]
[Result "0-1"]
[WhiteElo "2377"]
[BlackElo "2490"]
[PlyCount "68"]
[EventDate "2009.??.??"]

1. e4 c5 2. Nc3 d6 3. f4 Nc6 4. Nf3 g6 5. Bb5 Bd7 6. Bc4 Bg7 7. O-O e6 8. d3
Nge7 9. f5 gxf5 10. Nb5 Bc8 11. Ng5 Ne5 12. Qh5 d5 13. Bf4 N7g6 14. exd5 a6 15.
Bxe5 Bxe5 16. dxe6 axb5 17. Bxb5+ Ke7 18. Nxf7 Qd4+ 19. Kh1 Bxe6 20. Nxh8 Rxh8
21. Bc4 Bd7 22. Qg5+ Kd6 23. Rae1 Qh4 24. Qxh4 Nxh4 25. c3 Bc6 26. Rf2 f4 27.
Bb3 f3 28. g3 Ng2 29. Rg1 h5 30. Bd1 h4 31. g4 Bg3 32. Rxf3 Ne3 33. Be2 Bf2 34.
Rg2 Bxf3 0-1

[Event "British Championship"]
[Site "?"]
[Date "2009.08.07"]
[Round "11.7"]
[White "Constantinou, Peter"]
[Black "Arkell, Keith C"]
[Result "1-0"]
[WhiteElo "2264"]
[BlackElo "2521"]
[PlyCount "63"]
[EventDate "2009.??.??"]

1. d4 Nf6 2. Nf3 e6 3. c3 d5 4. Bg5 Nbd7 5. Nbd2 Be7 6. e3 Ne4 7. Bxe7 Qxe7 8.
Nxe4 dxe4 9. Nd2 f5 10. f3 exf3 11. Qxf3 O-O 12. Bc4 Kh8 13. O-O e5 14. Qg3 Nb6
15. Bb3 e4 16. h4 c6 17. Qg5 Rf6 18. Rf2 Bd7 19. Nf1 h6 20. Qf4 Nd5 21. Bxd5
cxd5 22. Ng3 Raf8 23. Raf1 R6f7 24. h5 Bb5 25. Rc1 Qg5 26. b3 Bd7 27. c4 Rc8
28. Rcf1 Qe7 29. cxd5 Rf6 30. Qe5 Qf8 31. Nxe4 Rb6 32. Nc5 1-0

[Event "British Championship"]
[Site "?"]
[Date "2009.08.07"]
[Round "11.8"]
[White "Trent, Lawrence"]
[Black "Houska, Jovanka"]
[Result "1-0"]
[WhiteElo "2471"]
[BlackElo "2392"]
[PlyCount "125"]
[EventDate "2009.??.??"]

1. e4 c6 2. d4 d5 3. e5 c5 4. Nf3 Bg4 5. c4 cxd4 6. cxd5 Qxd5 7. Nc3 Bxf3 8.
Nxd5 Bxd1 9. e6 Bg4 10. Nc7+ Kd8 11. Nxa8 Bxe6 12. Bf4 Nc6 13. Bb5 f6 14. O-O-O
Bd5 15. Nc7 Bxa2 16. Bxc6 e5 17. Bd5 Kxc7 18. Bxa2 exf4 19. Rxd4 Ne7 20. Rhd1
Nc6 21. Rd7+ Kb6 22. Bd5 Bc5 23. Rd3 a5 24. Bxc6 Kxc6 25. Rxg7 Bxf2 26. Rc3+
Bc5 27. Rf7 Rg8 28. Rc2 b6 29. Rxh7 Kd5 30. Kd1 Be3 31. h4 Ke4 32. h5 Kf5 33.
Ke1 Bc5 34. Kf1 Rd8 35. Ke2 Re8+ 36. Kd3 Re1 37. Rh8 Rh1 38. h6 Rd1+ 39. Kc4
Kg6 40. Re2 Be3 41. Rc2 Rh1 42. Kd5 Rxh6 43. Rxh6+ Kxh6 44. Ke4 Kg5 45. Rc8 Kg6
46. g3 f5+ 47. Kf3 Bd4 48. Kxf4 Kf7 49. b3 Ke6 50. Re8+ Kf7 51. Rd8 Bf2 52. Rd5
Ke6 53. Re5+ Kd6 54. Rxf5 Kc6 55. g4 Bd4 56. g5 b5 57. g6 Bb2 58. Ke4 Kb6 59.
Kd3 a4 60. bxa4 bxa4 61. Kc2 a3 62. Kb3 Kc6 63. Rf7 1-0

[Event "British Championship"]
[Site "?"]
[Date "2009.08.07"]
[Round "11.9"]
[White "Summerscale, Aaron"]
[Black "Zhou, Yang-Fan"]
[Result "1-0"]
[WhiteElo "2454"]
[BlackElo "2265"]
[PlyCount "117"]
[EventDate "2009.??.??"]

1. Nf3 Nf6 2. c4 g6 3. Nc3 Bg7 4. e4 d6 5. d4 O-O 6. Be2 e5 7. O-O Nbd7 8. Be3
Re8 9. d5 Nh5 10. g3 Bf8 11. Ne1 Ng7 12. Nd3 f5 13. f3 a5 14. a3 Be7 15. Qd2
Rf8 16. b4 Nf6 17. Nf2 Nfh5 18. Bh6 Rf7 19. Rac1 f4 20. g4 Bg5 21. Bxg5 Qxg5
22. Nd3 Nf6 23. Qe1 Qh6 24. c5 g5 25. cxd6 cxd6 26. Nb2 Qh3 27. Nb5 Nxg4 28.
fxg4 f3 29. Qg3 Qxg3+ 30. hxg3 fxe2 31. Rxf7 Kxf7 32. Nxd6+ Ke7 33. Ndc4 Bxg4
34. Nxe5 Bh3 35. Kf2 Nh5 36. Nbd3 Nf6 37. Rc7+ Kd6 38. Rc4 Bf1 39. Nf7+ Kd7 40.
Nde5+ Ke8 41. Nd6+ Ke7 42. Nf5+ Kf8 43. Rc7 Re8 44. Rf7+ Kg8 45. Nh6+ Kh8 46.
Rxf6 Rxe5 47. Re6 Rxe6 48. dxe6 Kg7 49. e7 e1=Q+ 50. Kxe1 Bb5 51. Nf5+ Kf6 52.
Nd6 Bc6 53. e8=Q Bxe8 54. Nxe8+ Ke5 55. bxa5 h5 56. Kf2 h4 57. g4 Kf4 58. Nd6
Kxg4 59. e5 1-0

[Event "British Championship"]
[Site "?"]
[Date "2009.08.07"]
[Round "11.10"]
[White "Cobb, James"]
[Black "Rudd, Jack"]
[Result "0-1"]
[WhiteElo "2432"]
[BlackElo "2326"]
[PlyCount "58"]
[EventDate "2009.??.??"]

1. Nf3 Nc6 2. c4 e5 3. Nc3 Nf6 4. g3 g6 5. d4 exd4 6. Nxd4 Bg7 7. Bg2 O-O 8.
O-O Re8 9. Nc2 d6 10. b3 Bf5 11. Rb1 Qd7 12. Bb2 Bh3 13. Ne3 Bxg2 14. Kxg2 Ne7
15. Qd3 Rad8 16. Rfd1 c6 17. Ba3 Qe6 18. Bb4 b6 19. a4 Bh6 20. Nc2 c5 21. Ba3
d5 22. e3 Bg7 23. Kg1 Rd7 24. cxd5 Nexd5 25. Nxd5 Rxd5 26. Qc4 Red8 27. Rxd5
Rxd5 28. Ne1 Qf5 29. Qe2 Qxb1 0-1

[Event "British Championship"]
[Site "?"]
[Date "2009.08.07"]
[Round "11.11"]
[White "Buckley, Graeme"]
[Black "Hawkins, Jonathan"]
[Result "0-1"]
[WhiteElo "2398"]
[BlackElo "2325"]
[PlyCount "76"]
[EventDate "2009.??.??"]

1. d4 Nf6 2. c4 g6 3. Nf3 Bg7 4. g3 O-O 5. Bg2 d6 6. O-O Nbd7 7. Nc3 e5 8. e4
exd4 9. Nxd4 Re8 10. h3 a6 11. Re1 Rb8 12. Rb1 Ne5 13. b3 c5 14. Nc2 Nc6 15.
Bb2 b5 16. cxb5 axb5 17. f4 b4 18. Na4 Qc7 19. Rc1 c4 20. Nd4 Nxd4 21. Bxd4 c3
22. a3 bxa3 23. Bxc3 Be6 24. b4 Qa7+ 25. Bd4 Qa6 26. Bf1 Qb7 27. b5 Bd7 28. Nb6
Rxe4 29. Nxd7 Rxe1 30. Qxe1 Nxd7 31. Bxg7 Qa7+ 32. Kg2 Kxg7 33. Qc3+ Nf6 34. g4
Qc5 35. Qa1 Qd5+ 36. Kg3 Qb3+ 37. Kh4 Qe3 38. Qc3 Qxf4 0-1

[Event "British Championship"]
[Site "?"]
[Date "2009.08.07"]
[Round "11.12"]
[White "Storey, Charles"]
[Black "Sugden, John N"]
[Result "0-1"]
[WhiteElo "2279"]
[BlackElo "2217"]
[PlyCount "170"]
[EventDate "2009.??.??"]

1. b3 e5 2. Bb2 Nc6 3. g3 Nf6 4. Bg2 d5 5. e3 Bd6 6. d3 O-O 7. Nd2 Re8 8. h3 a5
9. a3 Be6 10. Ne2 Qd7 11. c3 Ne7 12. d4 Ng6 13. Nf3 e4 14. Nd2 c6 15. b4 a4 16.
Qc2 b5 17. O-O-O Qe7 18. Rdg1 Bd7 19. Bf1 Kh8 20. Kb1 Ng8 21. Bc1 Nh6 22. Rg2
Nf5 23. h4 Nh6 24. h5 Nf8 25. Nf4 Bg4 26. Rgg1 Rab8 27. Ka1 f5 28. Bb2 Ne6 29.
Bh3 Ng5 30. Bg2 Ra8 31. Rh2 Kg8 32. Rgh1 Ra7 33. Rh4 Rf8 34. Qb1 Qf7 35. Qa2
Re8 36. Bf1 Rb7 37. c4 Bxf4 38. gxf4 Nf3 39. Nxf3 Bxf3 40. Rg1 bxc4 41. Rg5 Qe6
42. Rg3 Bg4 43. Bc3 Rd8 44. Rh1 Rd6 45. Qc2 Ra7 46. b5 cxb5 47. Bb4 Rc6 48. Bc5
Rb7 49. Qc3 Ra6 50. Qb4 Kf7 51. Kb2 Ng8 52. Bh3 Bxh3 53. Rhxh3 Nh6 54. Rg5 Rb8
55. Rhg3 Ng4 56. Qe1 Qd7 57. Qg1 Rh6 58. R3xg4 fxg4 59. f5 Kg8 60. Qxg4 Qf7 61.
Kc3 Rf6 62. Kb4 h6 63. Rg6 Rxf5 64. Rxg7+ Qxg7 65. Qxf5 Qf7 66. Qh3 Re8 67. Bd6
Re6 68. Bc5 Rf6 69. Qc8+ Kh7 70. Kxb5 Qe6 71. Qxe6 Rxe6 72. Bb4 Rf6 73. Kxa4
Rxf2 74. Kb5 Rb2 75. Kc5 Rb3 76. Kxd5 Rxb4 77. axb4 c3 78. b5 c2 79. b6 c1=Q
80. b7 Qc7 81. Kxe4 Qxb7+ 82. d5 Kg7 83. Ke5 Kf7 84. e4 Qc7+ 85. Kf5 Qd6 0-1